|
|
|
|
| LEADER |
00000nam a2200000 a 4500 |
| 001 |
vtls001368278 |
| 003 |
SK-MaSNL |
| 005 |
20260301115254.0 |
| 008 |
251113s1999 xo ap r yy 0 slo |
| 015 |
|
|
|a SNBA1999/10-03704
|
| 020 |
|
|
|a 8071375705
|
| 035 |
|
|
|a SNK000321978
|
| 035 |
|
|
|a urn:nbn:sk:snk-amtk7b
|
| 035 |
|
|
|a urn:nbn:sk:snk-am00c6ts
|
| 035 |
|
|
|a 2A7433FA-463C-4118-AF69-8ED296F49A26
|
| 040 |
|
|
|a SNK
|b slo
|c SNK
|e AACR2
|
| 041 |
0 |
|
|a slo
|
| 044 |
|
|
|a xo
|c SK
|
| 080 |
|
|
|a 519.23:681.32.06(075.4)
|2 1981
|
| 080 |
|
|
|a 681.32.06(075.8)
|2 1981
|
| 100 |
1 |
|
|a Stehlíková, Beáta,
|d 1956-
|4 aut
|9 8379
|
| 245 |
1 |
|
|a Statgraphics
|b učebné texty pre dištančné štúdium a ostatné formy vzdelávania
|c Beáta Stehlíková, Mária Škulecová
|
| 260 |
|
|
|a Nitra
|b Slovenská poľnohospodárska univerzita
|c 1999
|
| 300 |
|
|
|a 171 s.
|c 30 cm
|
| 490 |
1 |
|
|a Ochrana biodiverzity
|v 64
|
| 500 |
|
|
|a Na tit. strane uvedený rok vyd. 1998
|
| 500 |
|
|
|a 200 výt.
|
| 504 |
|
|
|a Vec. reg. Bibliogr. s. 169
|
| 650 |
0 |
7 |
|a Statgraphics (štatistický program)
|x texty učebné
|2 SNK
|9 460027
|
| 655 |
|
7 |
|a príručky
|2 SNK
|9 74364
|
| 655 |
|
7 |
|a učebnice
|2 SNK
|9 22521
|
| 700 |
1 |
|
|a Škulecová, Mária
|4 aut
|9 49153
|
| 830 |
|
0 |
|a Ochrana biodiverzity
|9 290310
|
| 919 |
|
|
|a 80-7137-570-5
|
| 958 |
|
|
|a TL
|
| 958 |
|
|
|a NB
|
| 958 |
|
|
|a UV
|
| 999 |
|
|
|c 721521
|d 723451
|
| 952 |
|
|
|t P60, <03>, [BOOK], {603}
|a SNK
|b SNK
|y PREZ
|7 0
|p 17A0200941
|o snkSB 60719
|i snkKSP 7817/99
|0 0
|1 0
|4 0
|d 1999-07-20
|f 1
|l 0
|r 2025-04-11 00:00:00
|w 2026-02-23
|
| 952 |
|
|
|a SNK
|b SNK
|y VYP
|7 0
|p 17A0200942
|o snkSB 60719 D1
|i snkKSP 7818/99
|0 0
|1 0
|4 0
|d 1999-07-20
|l 0
|r 2005-01-02 00:00:00
|w 2026-02-23
|